| 000 | 00582nam a2200193Ia 4500 | ||
|---|---|---|---|
| 005 | 20250923145322.0 | ||
| 008 | 008 250917s9999 xx 000 0 eng d | ||
| 037 | _aTextual | ||
| 040 |
_aDSWL _beng _cDSWL |
||
| 041 |
_aeng _2eng |
||
| 084 |
_aY:7:7xL72, N75 _qDSWL |
||
| 245 | 0 |
_aRammohan Roy and the process of modernization in India _c Ed.by V.C. Joshi |
|
| 260 |
_aNew Delhi _b Vikas Publishing House P.Ltd. _c1975 |
||
| 300 | _avi,234 p. | ||
| 365 |
_aINR _b36 . 0 |
||
| 925 | _g36 . 0 | ||
| 942 |
_cTEXL _hY:7:7xL72, N75 |
||
| 999 |
_c1449911 _d1449911 |
||